000 00776nam a2200253Ia 4500
003 OSt
005 20220923220642.0
006 a|||||r|||| 00| 0
007 ta
008 220922b |||||||| |||| 00| 0 hin d
024 _a188,473
037 _cTextual
040 _aARTS
_cARTS
_bhin
041 _2hin
_ahin
082 _aO15,2D70:g, 1595M9
100 _aभट, जी0 के0
_9164474
245 0 _aभवभूति
246 _aBhavabhūti
260 _aदिल्ली
_b साहित्य अकादेमी प्रकाशन
_c1989
300 _a88 पृ.
_ccm.
650 _aसंस्कृत साहित्य
942 _hO15,2D70:g, 1595M9
_cTEXL
_2CC
999 _c341495
_d341495